000 00584nam a22001697a 4500
005 20231102141644.0
008 231102b |||||||| |||| 00| 0 eng d
020 _a978-1-78415-141-6
082 _a658.4076
_bCIM
245 _aCIMA Operational level paper E1. Organisational management :
_bExam Practice Kit /
_cChartered Institute of Management Accountants
260 _aUK :
_bKaplan,
_c2014
300 _a78
500 _aChartered Institute of Management Accountants
650 _aManagement Accountants
700 _aChartered Institute of Management Accountants
999 _c34671
_d34671